| 000 | 00918cam a22002531 4500 | ||
|---|---|---|---|
| 001 | 83156 | ||
| 003 | BD-RjUL | ||
| 005 | 20250129142302.0 | ||
| 008 | 820603m1972 fr 000 0 fre | ||
| 035 | _a(BD-RjUL)83156 | ||
| 040 |
_aDLC _cDLC _dDLC _beng |
||
| 041 | 0 | _afreara | |
| 082 |
_223 _a025.3412 _bBIB 1883 |
||
| 110 | 2 |
_aBibliothèque nationale (France). _bDépartement des manuscrits. _911906 |
|
| 245 | 1 | 0 |
_aCatalogue des manuscrits arabes ... / _bBibliothèque nationale, Département des manuscrits. |
| 260 |
_aParis, _bBibliothèque nationale, _c1883 |
||
| 300 |
_a819 p. ; _c24-32 cm. |
||
| 490 | _aKiraz Historical Catalogues Archive | ||
| 504 | _aIncludes bibliographical references. | ||
| 610 | 2 | 0 |
_aBibliothèque nationale (France). _bDépartement des manuscrits _911906 |
| 650 | 0 |
_aManuscripts, Arabic _zFrance _zParis _xCatalogs. _911907 |
|
| 700 |
_aDe Slane, M.Le Baron _911908 |
||
| 942 |
_2ddc _cBK |
||
| 999 |
_c83156 _d83156 |
||